Countries With Most Coronavirus Cases (COVID-19) - Statistics

General Stats
  • This quiz has been taken 50 times
    15 since last reset
  • The average score is 18 of 25
Answer Stats
Rank Country Cases Deaths Death Rate % Correct
1 United States 7,703,258 215,448 2.7%
100%
3 Brazil 4,946,913 146,908 2.9%
93%
11 France 634,763 32,365 5.0%
93%
9 Mexico 789,780 81,877 10.3%
93%
4 Russia 1,237,504 21,663 1.7%
93%
12 United Kingdom 530,113 42,445 8.0%
93%
2 India 6,741,616 104,220 1.5%
87%
18 Italy 330,263 36,030 10.9%
87%
5 Spain 865,631 32,486 3.7%
87%
14 Chile 473,306 13,070 2.7%
80%
23 Germany 307,114 9,634 3.1%
80%
8 Argentina 809,728 21,468 2.6%
73%
13 Iran 479,825 27,419 5.7%
73%
21 Pakistan 315,727 6,523 2.0%
73%
7 Peru 829,999 32,834 3.9%
73%
6 Colombia 862,158 26,844 3.1%
67%
22 Indonesia 311,176 11,374 3.6%
67%
19 Turkey 327,557 8,553 2.6%
67%
16 Bangladesh 371,631 5,405 1.4%
60%
10 South Africa 682,215 17,016 2.4%
60%
15 Iraq 387,121 9,531 2.4%
53%
24 Israel 276,439 1,784 0.6%
47%
20 Philippines 326,833 5,865 1.7%
47%
17 Saudi Arabia 337,243 4,923 1.4%
40%
25 Ukraine 234,584 4,520 1.9%
40%
No matching quizzes found
Score Distribution
Percent of People with Each Score
Percentile by Number Answered
Your Score History
You have not taken this quiz since the last reset